Alles mit C (mit Hinweisen) - Statistiken

Allgemein
  • Dieses Quiz wurde 226 mal gespielt
  • Das Durchschnittsergebnis liegt bei 46 aus 80
Antwortstatistiken
Kategorie Hinweis Antwort % Korrekt
Sonstiges Bekleidungsgeschäft C&A
100%
Länder Asien China
98%
Länder Südamerika Chile
96%
Hauptstädte Australien Canberra
92%
Sonstiges Gerät mit Maus und Tastatur Computer
85%
Essen & Trinken Pepsi, Coca, Vita, Afri Cola
83%
Berühmte Personen Fußballer aus Portugal C{ristiano} R{onaldo}
83%
Sonstiges Auto (Dach lässt sich öffnen) Cabrio
81%
Sonstiges Anderes Wort für Sofa Couch
81%
Sonstiges Ein(e) Verwandte(r) Cousin / Cousine
81%
Sonstiges Lokal, in dem es Kaffee gibt Café
80%
Weitere Städte Franz. Ort (Filmfestspiele) Cannes
80%
Sonstiges Naturwissenschaft Chemie
80%
Geografisches Allerlei Größter See in Bayern Chiemsee
80%
Länder Nordamerika Costa Rica
78%
Weitere Städte Stadt in Sachsen Chemnitz
77%
Berühmte Personen Entdeckte Amerika C{hristoph} K{olumbus}
77%
Sonstiges Führt Operationen durch Chirurg
76%
Sonstiges Musikinstrument Cello
74%
Essen & Trinken Scharfe, rote Schote Chili
74%
Sonstiges Große Bank in Deutschland Commerzbank
74%
Geografisches Allerlei Insel im Golf von Neapel Capri
72%
Hauptstädte Venezuela Caracas
72%
Berühmte Personen Sang "My Heart Will Go On" C{eline} D{ion}
72%
Sonstiges Eine Gruppe von Sängern Chor
72%
Pflanzen & Tiere Farbe wechselnde Echse Chamäleon
71%
Essen & Trinken Gemüse (Pilz) Champignon
71%
Berühmte Personen Forscher (Evolutionstheorie) C{harles} D{arwin}
71%
Essen & Trinken Espresso und Milch Cappuccino
69%
Essen & Trinken Frittierte Kartoffelscheiben Chips
69%
Pflanzen & Tiere Tier aus "Findet Nemo" Clownfisch
69%
Hauptstädte Moldawien Chișinău
67%
Berühmte Personen Ehemaliger FDP-Chef C{hristian} L{indner}
66%
Berühmte Personen Amerikan. Modedesigner C{alvin} K{lein}
65%
Berühmte Personen Franz. Modedesignerin C{oco} C{hanel}
65%
Berühmte Personen Ehem. franz. Präsident C{harles} {de} G{aulle}
62%
Weitere Städte Stadt am Michigan See Chicago
61%
Essen & Trinken Französisches Gebäck Croissant
61%
Berühmte Personen Schauspieler (Stummfilme) C{harlie} C{haplin}
60%
Weitere Städte Stadt in Brandenburg Cottbus
60%
Weitere Städte Hafenstadt im Marokko Casablanca
59%
Essen & Trinken Kerne (oft Nüsse genannt) Cashew
59%
Berühmte Personen Märchenprinzessin Cinderella
59%
Essen & Trinken Frühstücksflocken Cornflakes
59%
Essen & Trinken Kindergetränk (Trinkbeutel) Capri-Sonne
57%
Essen & Trinken Obst (orange) Clementine
57%
Sonstiges Jap. Hersteller (u.a. Kameras) Canon
56%
Weitere Städte Stadt in Niedersachsen Celle
56%
Essen & Trinken Franz. Weißschimmelkäse Camembert
54%
Pflanzen & Tiere Kleinste Hunderasse Chihuahua
54%
Berühmte Personen Kommandant im Guerillakrieg C{he} G{uevara}
52%
Berühmte Personen Frontmann der Toten Hosen Campino
51%
Essen & Trinken Gemüse (Salat, bitter) Chicorée
51%
Berühmte Personen Englischer Schriftsteller C{harles} D{ickens}
50%
Geografisches Allerlei Niederländische Karibikinsel Curaçao
50%
Geografisches Allerlei Ital. See in der Lombardei Comer See
49%
Essen & Trinken Gemüse für Kimchi Chinakohl
47%
Essen & Trinken Gewürzgurken Cornichons
47%
Pflanzen & Tiere Wird als Droge genutzt Cannabis
46%
Weitere Städte Großstadt in der Ukraine Charkiw
46%
Weitere Städte inoff. Hauptstadt Sri Lankas Colombo
43%
Geografisches Allerlei Fluss in Nordamerika Colorado River
41%
Essen & Trinken Wein aus Frankreich Champagner
40%
Pflanzen & Tiere Wasserschwein Capybara
37%
Pflanzen & Tiere Nagetier Chinchilla
35%
Geografisches Allerlei Teil der frz. Mittelmeerküste Côte d’Azur
35%
Weitere Städte Spanische Hafenstadt Cádiz
34%
Essen & Trinken Getränk mit Tee und Milch Chai Latte
32%
Hauptstädte Guinea Conakry
32%
Pflanzen & Tiere Chinesische Hunderasse Chow Chow
31%
Hauptstädte St. Lucia Castries
29%
Weitere Städte Großstadt in Indien Chennai
28%
Berühmte Personen Amerikan. Schauspielerin C{ameron} D{iaz}
27%
Weitere Städte Großstadt in China Chengdu / Chongqing
26%
Weitere Städte Stadt in NRW Castrop-Rauxel
23%
Geografisches Allerlei Inselstaat im Südpazifik Cookinseln
21%
Pflanzen & Tiere Blüht im Winter Christrose
20%
Pflanzen & Tiere Britische Hunderasse Corgi
19%
Pflanzen & Tiere Ostasiatische Zierpflanze Chrysantheme
17%
Weitere Städte Großstadt in Brasilien Curitiba
14%
Keine übereinstimmenden Quizze gefunden
Verteilung der Resultate
Anzahl Personen mit jedem Resultat
Perzentil nach korrekt beantworteten Fragen
Ihre Resultats-Entwicklung
Sie haben dieses Quiz noch nicht gespielt